000 00449pab a2200157 454500
008 180718b1998 xxu||||| |||| 00| 0 eng d
100 _aChang, Nguyen Minh et al
245 _aClient perspecives on quality of reproductive health services in Viet Nam
260 _c1998
300 _ap.33-54.
362 _aDec
650 _aHealth services - Viet Nam
650 _aHealth services
773 _aAsia-Pacific Population Journal
909 _a52407
999 _c52407
_d52407